|
|
|
|
| LEADER |
00668nta a2200169 i 4500 |
| 001 |
dipl91094 |
| 005 |
20200615091733.0 |
| 008 |
200610s2005 hu om 0|| zxx d |
| 040 |
|
|
|a SZTE Diploma Repozitórium
|b hun
|
| 041 |
|
|
|a zxx
|
| 100 |
2 |
|
|a Igazné Török Bernadett
|
| 245 |
1 |
0 |
|a "Idegen élet, idegen családban boldogságban, harmóniában"
|h [elektronikus dokumentum] :
|b örökbefogadás napjainkban /
|c Bernadett Igazné Török
|
| 260 |
|
|
|c 2005
|
| 650 |
|
4 |
|a Társadalomtudomány
|
| 650 |
|
4 |
|a Educational sciences
|
| 700 |
2 |
|
|a Fáyné Dr. Dombi Alice
|e ths
|
| 856 |
4 |
0 |
|u http://diploma.bibl.u-szeged.hu/id/eprint/91094/1/2005_igazne_torok_bernadett.pdf
|z Dokumentum-elérés
|